Allgemeinwissen Quiz (Mittel) - Statistiken

Allgemein
  • Dieses Quiz wurde 695 mal gespielt
  • Das Durchschnittsergebnis liegt bei 13 aus 15
Antwortstatistiken
Frage Antwort % Korrekt
Welches Element hat das chemische Symbol „Na“? Natrium
98%
Wie viele Bundesländer hat Deutschland? 16
97%
Welches Land war die Heimat des antiken Philosophen Aristoteles? Griechenland
97%
Wer war der erste Mensch auf dem Mond? Neil Armstrong
97%
Wer malte die „Mona Lisa“? Leonardo da Vinci
96%
Wer ist der Autor von „Harry Potter“? J.K. Rowling
95%
Wer schrieb „Faust“? Johann Wolfgang von Goethe
93%
In welchem Jahr begann der Zweite Weltkrieg? 1939
92%
Was ist die Hauptstadt von Kanada? Ottawa
88%
Was ist der Hauptbestandteil von „Hummus“? Kichererbsen
87%
Welcher Stoff bildet die Zellwände von Pflanzen? Cellulose
86%
Welche Planet ist am nächsten zur Sonne? Merkur
86%
Wie heißt der längste Fluss der Welt? Nil
65%
Was ist die größte Insel der Welt? Grönland
62%
Welches Land hat die meisten Nachbarländer? Russland
57%
Keine übereinstimmenden Quizze gefunden
Verteilung der Resultate
Anzahl Personen mit jedem Resultat
Perzentil nach korrekt beantworteten Fragen
Ihre Resultats-Entwicklung
Sie haben dieses Quiz noch nicht gespielt